| 000 | 01202nam a2200313Ia 4500 | ||
|---|---|---|---|
| 003 | OSt | ||
| 005 | 20221007124124.0 | ||
| 006 | a|||||r|||| 00| 0 | ||
| 007 | ta | ||
| 008 | 221006b |||||||| |||| 00| 0 eng d | ||
| 020 | _a9781578085774 (hbd) | ||
| 024 | _a86212 | ||
| 037 |
_b2164, 22/10/2009, New India Book Agency _cTextbook |
||
| 040 |
_aCDL _cCDL _beng |
||
| 041 |
_2eng _aeng |
||
| 082 | _aJ:430gE, P9 Carc | ||
| 100 |
_aSampietro Diego A Ed. _9718459 |
||
| 245 | 0 |
_aIsolation, identification and characterization of allelochemical/ natural products _b Catalan Cesar A N Ed. Vattuone Marta A Ed. |
|
| 260 |
_aEnfield _bScience Publishers _c2009 |
||
| 300 |
_aviii, 547p. _ccm. |
||
| 500 | _aIncludes bibliographical references.; Appendix 531- 540p.; Index 541- 544p. | ||
| 650 |
_a Natural products _9711396 |
||
| 650 |
_a Natural products _9711396 |
||
| 650 | _aChemistry | ||
| 700 |
_a Catalan Cesar A N Ed. _9718460 |
||
| 700 |
_a Vattuone Marta A Ed. _9718461 |
||
| 942 |
_hJ:430gE, P9 Carc _cTB _2CC |
||
| 999 |
_c1213029 _d1213029 |
||